Political Parties of Turkiye - Statistics

General Stats
  • This quiz has been taken 79 times
  • The average score is 9 of 15
Answer Stats
Hint Answer % Correct
272/600 Justice and Development Party (AKP)
100%
134/600 Republican People's Party (CHP)
99%
28/600 Good Party (IYI)
96%
47/600 Nationalist Movement Party (MHP)
94%
57/600 People's Equality and Democracy Party (DEM)
87%
9/600 Felicity Party (SAADET)
60%
12/600 Democracy and Progress Party (DEVA)
59%
3/600 Turkish Workers' Party (TIP)
57%
4/600 New Welfare Party (YRP)
54%
1/600 Democrat Party of Turkiye (DP)
46%
4/600 Free Cause Party (HUDA PAR)
46%
1/600 Democratic Left Party (DSP)
41%
2/600 Labour Party of Turkiye
26%
8/600 Future Party (GELECEK)
24%
2/600 Democratic Regions Party (DBP)
13%
No matching quizzes found
Score Distribution
Percent of People with Each Score
Percentile by Number Answered
Your Score History
You have not taken this quiz